00455 2200181 4500001002100000005001500021008004100036020002200077035001900099041000700118082000800125090001400133100002000147245001000167260004200177300002300219650003100242INLIS00000000000308020241224112645241224||||||||| | ||| |||| || |  a978-979-22-8440-9 0010-1224003080 aid0 a813 a813 AND m0 aAndryan Suhardi00aMOLAS aJakartabGramedia Pustaka Utamac2012 a2013 hlm. : 20 cm. 0aIlmu Kesusastraan -- Novel